000 00409nam a2200157Ia 4500
005 20240528051123.0
008 240331s9999 xx 000 0 und d
020 _a9559052063
082 _bKOT
_a338.72
100 _aKottegoda, Sepali
245 0 _aWomen in the informal sector :
_bWorking paper-No.2
260 _aColombo
_bKarunaratne & Sons Ltd
_c1991
300 _a38 p .,
650 _aWomen
942 _cL
999 _c2776
_d2776